Statistics for States with Appalachian Mountains

Click here to take the quiz!

General Stats

  • This quiz has been taken 10 times
  • The average score is 16 of 18

Answer Stats

HintAnswer% Correct
17Virginia
100%
1Alabama
90%
2Connecticut
90%
3Georgia
90%
4Kentucky
90%
5Maine
90%
6Massachusetts
90%
8New Hampshire
90%
9New Jersey
90%
12Ohio
90%
13Pennsylvania
90%
15Tennessee
90%
16Vermont
90%
18West Virginia
90%
7Mississippi
80%
10New York
80%
11North Carolina
80%
14South Carolina
80%

Score Distribution

Percentile by Number Answered

Percent of People with Each Score

Your Score History

You have not taken this quiz